000 00505nam a2200181Ia 4500
003 GCL
008 140319s9999 xx 000 0 ara d
040 _aGCL /
_cGCL
082 0 4 _a227.6
_bم ت
100 1 _aمحمد محمود حجازى
245 1 0 _aالتفسير الواضح /
_cمحمد محمود حجازى
260 _a[S.N] :
_bدار الجيل
490 _a
650 0 4 _aالاسلام
650 0 4 _aتفسير القران الكريم
650 0 4 _aالقران
942 _2ddc
_cBK
999 _c30243
_d30243